000 00487nam a22001697a 4500
999 _c478327
_d478327
003 NUST
005 20180521073838.0
008 180521b ||||| |||| 00| 0 eng d
020 _a9788131714768
082 _a005.82
100 _aWade Trappe, Lawrence C. Washington
_910410
245 _aIntroduction to Cryptography with Coding Theory
_cWade Trappe, Lawrence C. Washington
250 _a2nd ed.
260 _aIndia
_bPearson
_c2006
300 _a577 p.
_bPb.
942 _2ddc
_cBK